[Event "Basarrate Memorial"]
[Site "Havana"]
[Date "2009.11.21"]
[Round "16"]
[White "Carrasco Martin, Alexander"]
[Black "Bueno Fortuna, Francisco"]
[Result "1-0"]
[WhiteElo "2145"]
[BlackElo "2222"]
[PlyCount "77"]
[EventDate "2009.11.08"]
[EventType "tourn"]
[EventRounds "18"]
[EventCountry "CUB"]
[SourceTitle "EXT 2011"]
[Source "ChessBase"]
[SourceDate "2010.11.26"]
[SourceVersion "1"]
[SourceVersionDate "2010.11.26"]
[SourceQuality "1"]

1. e4 e5 2. Nf3 Nc6 3. Bc4 Bc5 4. c3 Nf6 5. d3 d6 6. 0-0 a6 7. Nbd2 0-0 8. b4 Ba7 9. Bb3 Ne7 10. Nc4 Ng6 11. Ne3 c6 12. Qc2 d5 13. c4 d4 14. Nf5 c5 15. a3 Bd7 16. Bg5 h6 17. Bd2 Kh7 18. Ba4 b5 19. Bb3 Be6 20. cxb5 axb5 21. bxc5 Rc8 22. c6 Bxb3 23. Qxb3 Rxc6 24. Qxb5 Qa8 25. Rfc1 Rfc8 26. Rxc6 Rxc6 27. Bb4 Bb8 28. Ne7 Nxe7 29. Bxe7 Bc7 30. Bxf6 gxf6 31. a4 Ba5 32. Qd5 Kg7 33. Nh4 Ra6 34. Nf5+ Kg6 35. Qb3 Bc3 36. Qd1 Kh7 37. Rb1 Rxa4 38. Qh5 Qf8 39. Nxh6 1-0

[Event "Basarrate Memorial"]
[Site "Havana"]
[Date "2009.11.16"]
[Round "9"]
[White "Carrasco Martin, Alexander"]
[Black "Casal Roses, Alfredo"]
[Result "1-0"]
[WhiteElo "2145"]
[BlackElo "2212"]
[PlyCount "41"]
[EventDate "2009.11.08"]
[EventType "tourn"]
[EventRounds "18"]
[EventCountry "CUB"]
[SourceTitle "EXT 2011"]
[Source "ChessBase"]
[SourceDate "2010.11.26"]
[SourceVersion "1"]
[SourceVersionDate "2010.11.26"]
[SourceQuality "1"]

1. e4 e5 2. Nf3 Nc6 3. Bc4 Bc5 4. c3 Nf6 5. d4 exd4 6. cxd4 Bb4+ 7. Nc3 Nxe4 8. 0-0 Nxc3 9. bxc3 Be7 10. d5 Na5 11. d6 Bxd6 12. Re1+ Be7 13. Bg5 f6 14. Bxf6 gxf6 15. Ne5 Kf8 16. Qh5 Kg7 17. Qf7+ Kh6 18. Ng4+ Kg5 19. Qg7+ Kh5 20. Qh6+ Kxg4 21. h3+ 1-0

[Event "Basarrate Memorial"]
[Site "Havana"]
[Date "2009.11.16"]
[Round "10"]
[White "Carrasco Martin, Alexander"]
[Black "Diaz Rosario, Roberto Santiago"]
[Result "0-1"]
[WhiteElo "2145"]
[BlackElo "2225"]
[PlyCount "86"]
[EventDate "2009.11.08"]
[EventType "tourn"]
[EventRounds "18"]
[EventCountry "CUB"]
[SourceTitle "EXT 2011"]
[Source "ChessBase"]
[SourceDate "2010.11.26"]
[SourceVersion "1"]
[SourceVersionDate "2010.11.26"]
[SourceQuality "1"]

1. e4 e5 2. Nf3 Nc6 3. Bc4 Bc5 4. c3 Nf6 5. d4 exd4 6. cxd4 Bb4+ 7. Nc3 Nxe4 8. 0-0 Bxc3 9. d5 Bf6 10. Re1 Ne7 11. Rxe4 d6 12. Bg5 Bxg5 13. Nxg5 h6 14. Qe2 hxg5 15. Re1 Be6 16. dxe6 f6 17. Re3 c6 18. Rh3 Rxh3 19. gxh3 g6 20. b4 Qb6 21. Qb2 0-0-0 22. Qxf6 Qxb4 23. Rc1 d5 24. Bf1 Qf4 25. Qb2 Nf5 26. Ba6 Qc7 27. Bd3 Re8 28. Re1 Nh4 29. Be2 Qd6 30. Bg4 d4 31. Qd2 Qd5 32. e7+ Kb8 33. f4 gxf4 34. Qxf4+ Ka8 35. Qg3 Nf5 36. Bxf5 gxf5 37. Qg6 Qd7 38. Qf7 d3 39. Kf1 d2 40. Rd1 Rxe7 41. Qf8+ Re8 42. Qb4 Qd3+ 43. Kg1 Qe3+ 0-1

[Event "Basarrate Memorial"]
[Site "Havana"]
[Date "2009.11.11"]
[Round "4"]
[White "Carrasco Martin, Alexander"]
[Black "Perez Perez, Osniel"]
[Result "0-1"]
[WhiteElo "2145"]
[BlackElo "2309"]
[PlyCount "106"]
[EventDate "2009.11.08"]
[EventType "tourn"]
[EventRounds "18"]
[EventCountry "CUB"]
[SourceTitle "EXT 2011"]
[Source "ChessBase"]
[SourceDate "2010.11.26"]
[SourceVersion "1"]
[SourceVersionDate "2010.11.26"]
[SourceQuality "1"]

1. e4 c5 2. Nf3 d6 3. d4 cxd4 4. Nxd4 Nf6 5. Nc3 a6 6. Be3 e6 7. f3 b5 8. g4 h6 9. Qd2 Nbd7 10. 0-0-0 Bb7 11. h4 b4 12. Na4 Qa5 13. b3 Nc5 14. a3 Nxa4 15. axb4 Qc7 16. bxa4 d5 17. e5 Nd7 18. f4 Nb6 19. a5 Nc4 20. Qc3 Qe7 21. Bxc4 dxc4 22. Rhf1 Qxb4 23. Qxb4 Bxb4 24. f5 Bd5 25. fxe6 fxe6 26. Nf5 0-0 27. Bb6 exf5 28. Rxd5 fxg4 29. Rg1 h5 30. e6 g6 31. Bc5 Bxc5 32. Rxc5 Rfc8 33. Rxc8+ Rxc8 34. Kd2 Kf8 35. Rb1 Rc5 36. Rb8+ Ke7 37. Rb7+ Kxe6 38. Rb6+ Kf5 39. Rxa6 g5 40. hxg5 Kxg5 41. Ra7 h4 42. a6 Ra5 43. Kc3 h3 44. Kb4 Ra1 45. Rg7+ Kf4 46. Rh7 Rxa6 47. Kxc4 Kg3 48. Kb5 Rg6 49. c4 Kh2 50. c5 g3 51. c6 g2 52. c7 Rg8 53. Rg7 g1Q 0-1

[Event "Basarrate Memorial"]
[Site "Havana"]
[Date "2009.11.09"]
[Round "2"]
[White "Carrasco Martin, Alexander"]
[Black "Olivera Medrano, Joan"]
[Result "0-1"]
[WhiteElo "2145"]
[BlackElo "2388"]
[PlyCount "102"]
[EventDate "2009.11.08"]
[EventType "tourn"]
[EventRounds "18"]
[EventCountry "CUB"]
[SourceTitle "EXT 2011"]
[Source "ChessBase"]
[SourceDate "2010.11.26"]
[SourceVersion "1"]
[SourceVersionDate "2010.11.26"]
[SourceQuality "1"]

1. e4 c5 2. Nf3 Nc6 3. d4 cxd4 4. Nxd4 Nf6 5. Nc3 e5 6. Ndb5 d6 7. Bg5 a6 8. Na3 b5 9. Nd5 Be7 10. Bxf6 Bxf6 11. c3 0-0 12. Nc2 Bg5 13. a4 bxa4 14. Rxa4 a5 15. Bb5 Ne7 16. Nxe7+ Qxe7 17. 0-0 f5 18. exf5 Bxf5 19. Qd5+ Be6 20. Qd3 Kh8 21. Ne3 Bb3 22. Ra3 Bxe3 23. Qxe3 a4 24. Qd3 d5 25. Rfa1 Qb7 26. h3 Qb6 27. Qe2 Rab8 28. Bxa4 Bc4 29. Qe1 Qxb2 30. Bd1 e4 31. Ra7 Rb6 32. Ra8 Rbf6 33. Rxf8+ Rxf8 34. Bg4 Qb6 35. Qe3 Qxe3 36. fxe3 g6 37. Ra7 Rf1+ 38. Kh2 Re1 39. Be6 Rxe3 40. Rd7 Rd3 41. h4 e3 42. Bg4 Rxc3 43. Kg3 h5 44. Bf3 Rc2 45. Kf4 e2 46. Re7 Kg8 47. Kg5 Rb2 48. Kxg6 Kf8 49. Rf7+ Ke8 50. Bxe2 Bxe2 51. Kg7 d4 0-1

[Event "Basarrate Memorial"]
[Site "Havana"]
[Date "2009.11.08"]
[Round "1"]
[White "Diaz Rosario, Roberto Santiago"]
[Black "Carrasco Martin, Alexander"]
[Result "0-1"]
[WhiteElo "2225"]
[BlackElo "2145"]
[PlyCount "44"]
[EventDate "2009.11.08"]
[EventType "tourn"]
[EventRounds "18"]
[EventCountry "CUB"]
[SourceTitle "EXT 2011"]
[Source "ChessBase"]
[SourceDate "2010.11.26"]
[SourceVersion "1"]
[SourceVersionDate "2010.11.26"]
[SourceQuality "1"]

1. d4 d5 2. c4 c6 3. Nf3 e6 4. e3 Nf6 5. Nc3 Nbd7 6. Bd3 dxc4 7. Bxc4 b5 8. Bb3 b4 9. Ne2 Bb7 10. 0-0 Bd6 11. Nf4 0-0 12. Ng5 Qe7 13. Nfxe6 fxe6 14. Nxe6 Kh8 15. Nxf8 Rxf8 16. f3 c5 17. dxc5 Bxc5 18. Re1 Ne5 19. Kh1 Nxf3 20. gxf3 Ng4 21. Rf1 Qh4 22. Qe2 Rxf3 0-1